Performance management / (Record no. 11376)
[ view plain ]
| 000 -LEADER | |
|---|---|
| fixed length control field | 01152cam a2200289 a 4500 |
| 001 - CONTROL NUMBER | |
| control field | 15000786 |
| 005 - DATE AND TIME OF LATEST TRANSACTION | |
| control field | 20080618152816.0 |
| 008 - FIXED-LENGTH DATA ELEMENTS--GENERAL INFORMATION | |
| fixed length control field | 070910s2009 njua b 001 0 eng |
| 010 ## - LIBRARY OF CONGRESS CONTROL NUMBER | |
| LC control number | 2007036881 |
| 020 ## - INTERNATIONAL STANDARD BOOK NUMBER | |
| International Standard Book Number | 0138146918 |
| 035 ## - SYSTEM CONTROL NUMBER | |
| System control number | (OCoLC)ocn171287642 |
| 035 ## - SYSTEM CONTROL NUMBER | |
| System control number | (OCoLC)171287642 |
| 040 ## - CATALOGING SOURCE | |
| Original cataloging agency | DLC |
| Transcribing agency | DLC |
| Modifying agency | BAKER |
| -- | BTCTA |
| -- | YDXCP |
| -- | C#P |
| -- | BWX |
| -- | DLC |
| 050 00 - LIBRARY OF CONGRESS CALL NUMBER | |
| Classification number | HF5549.5.R3 |
| Item number | A38 2009 |
| 082 00 - DEWEY DECIMAL CLASSIFICATION NUMBER | |
| Classification number | 658.3125 |
| Edition number | 22 |
| Item number | AGU |
| 100 1# - MAIN ENTRY--PERSONAL NAME | |
| Personal name | Aguinis, Herman, |
| Dates associated with a name | 1966- |
| 9 (RLIN) | 4021 |
| 245 10 - TITLE STATEMENT | |
| Title | Performance management / |
| Statement of responsibility, etc | Herman Aguinis. |
| 250 ## - EDITION STATEMENT | |
| Edition statement | 2nd ed. |
| 260 ## - PUBLICATION, DISTRIBUTION, ETC. (IMPRINT) | |
| Place of publication, distribution, etc | Upper Saddle River, N.J. : |
| Name of publisher, distributor, etc | Pearson Prentice Hall, |
| Date of publication, distribution, etc | c2009. |
| 300 ## - PHYSICAL DESCRIPTION | |
| Extent | xvi, 296 p. : |
| Other physical details | ill. ; |
| Dimensions | 24 cm. |
| 504 ## - BIBLIOGRAPHY, ETC. NOTE | |
| Bibliography, etc | Includes bibliographical references and indexes. |
| 650 #0 - SUBJECT ADDED ENTRY--TOPICAL TERM | |
| Topical term or geographic name as entry element | Employees |
| General subdivision | Rating of. |
| 9 (RLIN) | 4022 |
| 650 #0 - SUBJECT ADDED ENTRY--TOPICAL TERM | |
| Topical term or geographic name as entry element | Performance |
| General subdivision | Management. |
| 9 (RLIN) | 4023 |
| 942 ## - ADDED ENTRY ELEMENTS (KOHA) | |
| Source of classification or shelving scheme | Dewey Decimal Classification |
| Item type | Book - Borrowing |
| Withdrawn status | Item status | Source of classification or shelving scheme | Damaged status | Not for loan | Vendor | Home library | Current library | Shelving location | Date acquired | Source of acquisition | Cost, normal purchase price | Serial Enumeration / chronology | Total Checkouts | Total Renewals | Full call number | Barcode | Date last seen | Date last borrowed | Koha item type |
|---|---|---|---|---|---|---|---|---|---|---|---|---|---|---|---|---|---|---|---|
| Dewey Decimal Classification | Alahram | Central Library | Central Library | First floor | 22/04/2009 | 225.00 | 349 | 6 | 7 | 658.3125 AGU | 000016032 | 15/07/2025 | 14/02/2016 | Book - Borrowing |